000 01392cam a22003371i 4500
001 15234590
003 EG-ScBUE
005 20250515082312.0
008 080326s2008 enka f b 001 0 eng d
020 _a9780521714242 (pbk.)
020 _a0521714249 (pbk.)
035 _a(OCoLC)ocn183264817
040 _aEG-ScBUE
_beng
_erda
_cEG-ScBUE
_dEG-ScBUE
082 0 4 _a531
_bGON
_222
100 1 _aGonzalez, Oscar,
_d1968-
_eauthor.
_93908
245 1 2 _aA first course in continuum mechanics /
_cOscar Gonzalez and Andrew M. Stuart.
264 1 _aCambridge :
_bCambridge University Press,
_c2008.
300 _axvii, 394 pages :
_billustrations ;
_c24 cm.
336 _2rdacontent
_atext
_btxt
337 _aunmediated
_2rdamedia
_bn
338 _avolume
_bnc
_2rdacarrier
490 0 _aCambridge texts in applied mathematics
504 _aIncludes bibliographical references and index.
650 7 _aContinuum mechanics
_vTextbooks.
_2BUEsh
_93909
655 _vReading book
700 1 _aStuart, Andrew
_c(Professor of mathematics)
_eauthor.
_93910
856 4 2 _3Contributor biographical information
_uhttp://www.loc.gov/catdir/enhancements/fy0827/2008297525-b.html
856 4 2 _3Publisher description
_uhttp://www.loc.gov/catdir/enhancements/fy0827/2008297525-d.html
856 4 1 _3Table of contents only
_uhttp://www.loc.gov/catdir/enhancements/fy0827/2008297525-t.html
942 _2ddc
_cBB
999 _c11344
_d11344